[Event "SWE-chT 0203"]
[Site "Sweden"]
[Date "2002.12.07"]
[Round "5"]
[White "Hjelm, Niclas"]
[Black "Berkell, Peder"]
[Result "1/2-1/2"]
[WhiteElo "2333"]
[BlackElo "2310"]
[PlyCount "57"]
[EventDate "2002.10.11"]
[EventType "team"]
[EventRounds "11"]
[EventCountry "SWE"]
[SourceTitle "EXT 2004"]
[Source "ChessBase"]
[SourceDate "2003.11.25"]
[SourceVersion "1"]
[SourceVersionDate "2003.11.25"]
[SourceQuality "1"]
[WhiteTeam "Farsta"]
[BlackTeam "Wasa"]
[WhiteTeamCountry "SWE"]
[BlackTeamCountry "SWE"]

1. d4 d5 2. c4 c5 3. cxd5 Nf6 4. e4 Nxe4 5. dxc5 Nxc5 6. Nf3 e6 7. Nc3 exd5 8. Qxd5 Be7 9. Qxd8+ Bxd8 10. Be3 Nba6 11. Bb5+ Bd7 12. 0-0 Bxb5 13. Nxb5 0-0 14. Rfd1 Bf6 15. Rac1 b6 16. Bd4 Bxd4 17. Rxd4 g6 18. g3 Ne6 19. Rdc4 Rfd8 20. b4 Kg7 21. Kg2 Kf6 22. a3 Rd7 23. Nfd4 Nxd4 24. Nxd4 Re8 25. Rc6+ Kg7 26. Nb5 Re5 27. Nc7 Nxc7 28. Rxc7 Red5 29. R1c2 1/2-1/2